000 00224 a2200097 4500
001 37862
100 _aReis R
245 _aVLSI : Integrated system on silicon
260 _aG B
_bChapman and Hall
_c
090 _c24055
_d24055
942 _aNUST-CAE
_cM
_c15620
999 _c272935
_d272935